|
|
|
|
| LEADER |
00000nam a2200000 a 4500 |
| 001 |
vtls010618207 |
| 003 |
SK-MaSNL |
| 005 |
20260301142507.0 |
| 008 |
240313s2014 xo oda f n 000 0 slo |
| 015 |
|
|
|a SNBA2014/10
|
| 020 |
|
|
|a 9788022741828
|q (brož.)
|
| 035 |
|
|
|a 7F547957-E064-4EC3-BAE3-2B7CF10EB0F8
|
| 035 |
|
|
|a urn:nbn:sk:snk-amkcvs
|
| 035 |
|
|
|a urn:nbn:sk:snk-am003dn5
|
| 040 |
|
|
|a SNK
|b slo
|c SNK
|e AACR2
|
| 041 |
0 |
|
|a slo
|b eng
|
| 044 |
|
|
|a xo
|c SK
|
| 072 |
|
7 |
|a 62
|x Technika všeobecne
|2 konspekt
|
| 080 |
|
|
|a 62-1
|2 2001
|
| 080 |
|
|
|a 62-1/-9
|2 2001
|
| 080 |
|
|
|a 658.5-025.21
|2 2001
|
| 080 |
|
|
|a 005.591.1
|2 2001
|
| 080 |
|
|
|a (043.3)
|2 2001
|
| 080 |
|
|
|a 012
|2 2001
|
| 100 |
1 |
|
|a Kováčik, Róbert,
|d 1987-
|4 aut
|9 158714
|
| 245 |
1 |
0 |
|a Optimalizácia riešenia dispozičného usporiadania strojov a zariadení vo výrobe v danom podniku
|b autoreferát dizertačnej práce na získanie akademického titulu philosophiae doctor, PhD. v odbore doktorandského štúdia 5.2.7 strojárske technológie a materiály
|c Róbert Kováčik
|
| 250 |
|
|
|a 1. vyd.
|
| 260 |
|
|
|a Bratislava
|b Slovenská technická univerzita, Strojnícka fakulta
|c 2014
|
| 300 |
|
|
|a 36 s.
|b diagr., fotogr., grafy, ilustr., sch.
|c 21 cm
|
| 366 |
|
|
|e 50 výt. Nepredajné
|
| 490 |
1 |
|
|a Edícia kvalifikačných prác
|
| 504 |
|
|
|a Bibliogr.: s. 35-36 ; bibliogr. aut.: s.34, obsahuje 34 zázn.
|
| 546 |
|
|
|a Res. angl. a slov.
|
| 650 |
0 |
7 |
|a stroje
|2 SNKPH
|9 3551
|
| 650 |
0 |
7 |
|a Machines
|2 SNKPHeng
|9 268704
|
| 650 |
0 |
7 |
|a strojné zariadenia
|2 SNKPH
|9 67356
|
| 650 |
0 |
7 |
|a Machine equipment
|2 SNKPHeng
|9 315957
|
| 650 |
0 |
7 |
|a výrobné systémy
|2 SNKPH
|9 29111
|
| 650 |
0 |
7 |
|a Manufacturing systems
|2 SNKPHeng
|9 275577
|
| 650 |
0 |
7 |
|a optimalizácia
|2 SNKPH
|9 22407
|
| 650 |
0 |
7 |
|a Optimization
|2 SNKPHeng
|9 337415
|
| 655 |
|
7 |
|a dizertácie
|2 SNKPH
|9 70277
|
| 655 |
|
7 |
|a Dissertations
|2 SNKPHeng
|9 303036
|
| 655 |
|
7 |
|a bibliografie
|2 SNKPH
|9 28668
|
| 655 |
|
7 |
|a Bibliographies
|2 SNKPHeng
|9 266698
|
| 810 |
2 |
|
|a Slovenská technická univerzita v Bratislave.
|b Strojnícka fakulta
|t Edícia kvalifikačných prác
|9 184599
|
| 830 |
|
0 |
|a Edícia kvalifikačných prác
|9 320134
|
| 919 |
|
|
|a 978-80-227-4182-8
|
| 958 |
|
|
|a NB
|
| 958 |
|
|
|a PB
|
| 999 |
|
|
|c 770402
|d 772332
|
| 952 |
|
|
|a SNK
|b SNK
|y PREZ
|7 0
|p 17A1115596
|o snkSC 160884
|i snk2014/18292
|8 0
|0 0
|1 0
|4 0
|d 2014-09-08
|f 1
|l 0
|r 2025-08-25 00:00:00
|w 2026-02-24
|
| 952 |
|
|
|a SNK
|b SNK
|y VYP
|7 0
|p 17A1115597
|o snkSC 160884 D1
|i snk2014/18294
|8 0
|0 0
|1 0
|4 0
|d 2014-09-08
|l 0
|r 2026-02-24 00:33:02
|w 2026-02-24
|